Internal combustion engines and air pollution (Record no. 4453)

000 -LEADER
fixed length control field 00551nam a22001937a 4500
001 - CONTROL NUMBER
control field 4453
003 - CONTROL NUMBER IDENTIFIER
control field BD-DhUET
008 - FIXED-LENGTH DATA ELEMENTS--GENERAL INFORMATION
fixed length control field 141116b xxu||||| |||| 00| 0 eng d
020 ## - INTERNATIONAL STANDARD BOOK NUMBER
International Standard Book Number 0352045600
040 ## - CATALOGING SOURCE
Transcribing agency 0
Modifying agency BD-DhUET
082 ## - DEWEY DECIMAL CLASSIFICATION NUMBER
Classification number 621.43
Item number OBE/1973
100 ## - MAIN ENTRY--PERSONAL NAME
Personal name Obert, Edward F.
245 ## - TITLE STATEMENT
Title Internal combustion engines and air pollution
Remainder of title based on internal combustion engines
250 ## - EDITION STATEMENT
Edition statement 3rd ed.
260 ## - PUBLICATION, DISTRIBUTION, ETC. (IMPRINT)
Place of publication, distribution, etc. New York
Name of publisher, distributor, etc. Intext Educational Publishers
Date of publication, distribution, etc. 1973
300 ## - PHYSICAL DESCRIPTION
Extent xiii, 740 p.
Other physical details ill.
650 #0 - SUBJECT ADDED ENTRY--TOPICAL TERM
Topical term or geographic name as entry element Internal combustion engines
942 ## - ADDED ENTRY ELEMENTS (KOHA)
Koha item type General Book
Holdings
Copy number Koha full call number Shelving location Koha normalized classification for sorting Koha date last seen Lost status Date acquired Source of classification or shelving scheme Price effective from Sublocation or collection (holding branch) Koha date last borrowed Koha item type Not for loan Withdrawn status Piece designation (barcode) Damaged status Koha issues (times borrowed) Location (home branch)
 621.43/OBE/1973Circulation section621_000000000000000_43OBE19732015-10-12 2014-11-16 2014-11-16Central Library, BUET2014-11-16General Book  42113 1Central Library, BUET
2621.43/OBE/1973Circulation section621_430000000000000_OBE_19732018-02-17 2015-04-13 2015-04-13Central Library, BUET2018-02-03General Book  42111 3Central Library, BUET
3621.43/OBE/1973Reading section621_430000000000000_OBE_19732015-06-16 2015-06-16 2015-06-16Central Library, BUET Reading Item  42105  Central Library, BUET
4621.43/OBE/1973Reading section621_430000000000000_OBE_19732015-06-30 2015-06-30 2015-06-30Central Library, BUET Reading Item  48959  Central Library, BUET
5621.43/OBE/1973Reading section621_430000000000000_OBE_19732015-07-02 2015-07-02 2015-07-02Central Library, BUET Reading Item  42108  Central Library, BUET
6621.43/OBE/1973Reading section621_430000000000000_OBE_19732015-07-04 2015-07-04 2015-07-04Central Library, BUET Reading Item  48939  Central Library, BUET